LEADER 01087cam0-2200361---450- 001 990004928550403321 005 20090924145224.0 035 $a000492855 035 $aFED01000492855 035 $a(Aleph)000492855FED01 035 $a000492855 100 $a19990604d1952----km-y0itay50------ba 101 0 $aspa 102 $aES 105 $aa-------001yy 200 1 $a<>infantes de Aragon$fpor Eloy Benito Ruano 210 $aPamplona$cGomez$d1952 215 $a112 p., [1] tav.$cill.$d25 cm 225 1 $aMonografias de ciencia moderna$v34 300 $aIn testa al front.: Consejo Superior de Investigaciones Cientificas 610 0 $aAragona$aStoria$a1406-1454 610 0 $aCastiglia$aStoria$a1406-1454 676 $a946.02092 700 1$aBenito Ruano,$bEloy$0197624 801 0$aIT$bUNINA$gRICA$2UNIMARC 901 $aBK 912 $a990004928550403321 952 $a946.02 BEN 1 BIS$bFil. Mod. 12467$fNAP03 952 $a946.02 BEN 1$bST.MED.MOD. 1683$fFLFBC 959 $aNAP03 959 $aFLFBC 996 $aInfantes de Aragon$9523303 997 $aUNINA LEADER 01295nam 2200349 n 450 001 996394691803316 005 20200824120548.0 035 $a(CKB)3810000000009662 035 $a(EEBO)2240875294 035 $a(UnM)99829542e 035 $a(UnM)99829542 035 $a(EXLCZ)993810000000009662 100 $a19950612d1678 uy | 101 0 $aeng 135 $aurbn||||a|bb| 200 00$aEquation of time demonstrated to the meanest capacity$b[electronic resource] $etogether with a table of equations, absolutely necessary for the true adjusting and right managing of pendulum clocks. Both humbly presented to the master, wardens, and court of assistants of the company of clock-makers: by John Smith, C.M. Philomath 210 $a[S.l. $cs.n.$d1678?] 215 $a1 sheet ([1] p.) $ctable 300 $aDate of publication from text. 300 $aReproduction of the original in the Bodleian Library. 330 $aeebo-0014 606 $aPendulum$vEarly works to 1800 615 0$aPendulum 700 $aSmith$b John$fb. 1648?$01004932 801 0$bCu-RivES 801 1$bCu-RivES 801 2$bCStRLIN 801 2$bWaOLN 906 $aBOOK 912 $a996394691803316 996 $aEquation of time demonstrated to the meanest capacity$92405196 997 $aUNISA